LDR 00891naa#a2200181#i#450# 001 RU\\bibl\106221 005 20260413100430.1 011 ## _a1813-4327 100 ## _a20260330b2026####ek#y0rusy0150####ca 102 ## _aRU 200 1# _aПРИМЕНЕНИЕ 3D-СКАНЕРА CALIBRI MINI ДЛЯ ФИКСАЦИИ ОБЪЕМНЫХ СЛЕДОВ ОБУВИ И ШИН ТРАНСПОРТНЫХ СРЕДСТВ ПРИ РАЗЛИЧНЫХ ПОГОДНЫХ УСЛОВИЯХ _eЖурнальная статья 210 1# _aВолгоград _cВолгоградская академия МВД России _d2026 215 ## _a9 с. 608 ## _aЖурнальная статья _2local 675 ## _aСледы обуви. 343.982.353 _aТрассология. 343.982.35 _z 700 #1 _aАбрамов _gВиталий Андреевич 700 #1 _aПопов _gАндрей Игоревич 856 4# _ava-mvd.editorum.ru _u